000 01401cad a22002295a 4500
001 L146125
008 081211s2007 xxkad f 000 0 eng d
035 _a(Sirsi) u146125
041 0 _aeng
050 0 4 _a690.241 $2 18
110 2 _aPriceWaterhouseCoopers
_93793
245 0 4 _aThe costs and benefits of World Heritage Site status in the UK
_bfull report
_h[electronic resource]
260 _aLondon
_bDCMS
_c2007
505 2 _aExecutive summary -- Introduction and context -- Methodology -- The cost/benefit framework -- Review of costs -- Review of benefits -- Conclusions -- List of consultees -- Research tools
520 _aThis report was commissioned by the Department of Culture, Media and Sport to explore the costs and benefits of World Heritage Site (WHS) status for historical sites in the UK. The methodology for the report encompasses a literature review, cost/benefit analyses for seventeen WHS sites and case studies for a further six sites. Members of the public were also consulted, so as to gather information on public perceptions of the subject.
521 _aAdvanced
590 _aKA
651 4 _aUnited Kingdom
_y
690 _aBUILT ENVIRONMENT-BUILDING MAINTENANCE AND REFURBISHMENT-BUILDING CONSERVATION
856 4 0 _uhttps://www.culture.gov.uk/reference_library/consultations/5629.aspx
_zView the item free of charge online at www.culture.gov.uk...
942 _n0
999 _c109057
_d109057